Biblioteca

Memoria de mis putas tristes (Registro nro. 65897)

Detalles MARC
000 -LÍDER
Campo fijo de descripción fija 02127nam a2200301 i 4500
001 - NÚMERO DE CONTROL
Campo de control 768714001
003 - IDENTIFICADOR DEL NÚMERO DE CONTROL
Campo de control CO-MdFUSB
005 - FECHA Y HORA DE LA ULTIMA TRANSACCIÓN
control field 20211027151916.0
007 - CAMPO FIJO DE DESCRIPCIÓN FIJA--INFORMACIÓN GENERAL
Campo fijo de descripción fija ta
008 - ELEMENTOS DE LONGITUD FIJA -- INFORMACIÓN GENERAL
Campo fijo de descripción fija -- Información general 200522t2004 ck |||| |||| 00| 0 spa d
020 ## - NÚMERO INTERNACIONAL NORMALIZADO PARA LIBROS
Número Internacional Normalizado del libro 9580483620
040 ## - FUENTE DE CATALOGACIÓN
Agencia de catalogación original CO-MdFUSB
Idioma de catalogación spa
Agencia que realiza la transcripción CO-MdFUSB
Agencia que realiza la modificación CO-MdFUSBC
Convenciones de la descripción rda
041 ## - CÓDIGO DE IDIOMA
Código de idioma para texto/pista de sonido o título separado spa
082 ## - NÚMERO DE CLASIFICACIÓN DECIMAL DEWEY
Número de la edición del Dewey 23
Número de clasificación 863
Clave de autor-Numero de item G215
100 ## - ASIENTO PRINCIPAL--NOMBRE PERSONAL
Nombre personal García Márquez, Gabriel
Fechas asociadas con el nombre 1927-2014
Término relacionador autor
245 ## - TÍTULO
Título del Material Memoria de mis putas tristes
Mención de responsabilidad, etc. / Gabriel García Márquez
264 #1 - PRODUCCIÓN, PUBLICACIÓN, DISTRIBUCIÓN, MANUFACTURA, Y COPYRIGHT
Lugar de producción, publicación, distribución, manufactura Bogotá, Colombia :
Nombre del productor, publicador, distribuidor Norma,
Fecha de producción, publicación, distribución, manufactura, o copyright [2004]
264 #4 - PRODUCCIÓN, PUBLICACIÓN, DISTRIBUCIÓN, MANUFACTURA, Y COPYRIGHT
Fecha de producción, publicación, distribución, manufactura, o copyright ©2004
300 ## - DESCRIPCIÓN FÍSICA
Dimensiones 109 páginas ;
Extensión 23 cm
336 ## - TIPO DE CONTENIDO
Fuente rdacontent
Término de tipo de contenido texto
Código de tipo de contenido txt
337 ## - TIPO DE MEDIO
Fuente rdamedia
Nombre del tipo de medio sin mediación
Código del tipo de medio n
338 ## - TIPO DE SOPORTE
Fuente rdacarrier
Nombre del tipo de soporte volumen
Código Tipo de soporte nc
520 ## - NOTA DE RESUMEN, ETC.
Nota de sumario, etc. Un viejo periodista decide festejar sus noventa años a lo grande, dándose un regalo que le hará sentir que todavía está vivo: una jovencita virgen, y con ella «el principio de una nueva vida a una edad en que la mayoría de los mortales están muertos». En el prostíbulo llega el momento en que ve a la mujer de espaldas, completamente desnuda. Ese acontecimiento cambia su vida radicalmente. Ahora que conoce a esta jovencita se encuentra a punto de morir, pero no por viejo, sino de amor. Así, Memoria de mis putas tristes cuenta la vida de este anciano solitario, un apasionado de la música clásica, nada aficionado a las mascotas y lleno de manías. Por él sabremos cómo en todas sus aventuras sexuales (que no fueron pocas) siempre dio a cambio algo de dinero, pero nunca imaginó que de ese modo encontrara el verdadero amor.<br/><br/>Esta novela de Gabriel García Márquez es una conmovedora reflexión que celebra las alegrías del enamoramiento, las desventuras de la vejez y, ante todo, lo que sucede cuando sexo y amor se juntan para darle un sentido a la existencia. Nos encontramos ante un relato aparentemente sencillo pero cargado de resonancias, una historia narrada con el excepcional estilo y la maestría en el arte de contar de los que solo es capaz el autor colombiano.
563 ## - NOTA DE ENCUADERNACIÓN
Nota de encuadernación Rústico
650 #7 - ASIENTO SECUNDARIO DE MATERIA - TERMINO TEMÁTICO
9 (RLIN) 2518
Término temático o nombre geográfico como elemento de entrada Literatura colombiana
942 ## - TIPO DE MATERIAL (KOHA)
Tipo de Item KOHA Libros General
945 ## - INFORMACIÓN LOCAL DEL REGISTRO
Catalogador Dani
Existencias
Estado de Material Estado de Perdido Forma de Clasificación Estado de Dañado No para Préstamo Biblioteca de Origen Biblioteca Permanente Fecha de Adquisición Área Total de Préstamos Signatura Topográfica Código de Barras Última vez visto Ejemplar/Existencia Fecha de Remplazo Tipo de Material
    Dewey Decimal Classification     Biblioteca FUSBC Biblioteca FUSBC 22/05/2020 LITERATURA   G 863 G215me 5154 22/05/2020 Ej.1 22/05/2020 Libros General

Biblioteca FUSBC | Teléfono: (57+4) 349 88 10 Ext. 141| WhatsApp (+57) 3005338115 
E-mail: biblioteca@unisbc.edu.co | Calle 76 87-14 Robledo Palenque, Medellín, Colombia

Con tecnología Koha